• 首页
  • 本馆介绍
  • 公告通知
  • 最新文献
  • 馆藏检索
  • 电子资源
  • 读者导购
  • 参考咨询
  • 我的图书馆
  • 登录
  • 详细信息显示
  • 放入我的书架
  • 预约/预借图书
  • 作者相关作品
  • 分类相关作品
  • 丛书相关作品
  • 出版社相关作品

书目信息

  • 表格格式
  • 工作单格式
  • 卡片格式
题名:
英国攻略
    
 
作者: ;全球攻略编写组 编著
分册:  
出版信息: 北京   中国旅游出版社  2011.10
页数: 235页
开本: 22cm
丛书名: 全球攻略
单 册:
中图分类: K956.19
科图分类:
主题词: 导游--英国 , 导游
电子资源:
ISBN: 978-7-5032-4238-0
000 00836oam2 2200265 45
001 515
005 20120604092842.25
010    @a978-7-5032-4238-0@dCNY39.80
100    @a20120328d2011 em y0chiy50 ea
101 0  @achi
102    @aCN@b110000
105    @aa z 000yy
106    @ar
200 1  @a英国攻略@AYing Guo Gong Lue@f《全球攻略》编写组编著@F《 Quan Qiu Gong Lue》 Bian Xie Zu Bian Zhu
210    @a北京@c中国旅游出版社@d2011.10
215    @a235页@c图@d22cm
225 2  @a全球攻略
330    @a本书主要内容包括:白金汉宫;特拉法尔加广场;大英博物馆;伦敦塔;海德公园;贝克街等。
461  0 @12001 @a全球攻略
606 0  @a导游@y英国
606 0  @a导游
690    @aK956.19@v4
711 02 @a全球攻略编写组@AQuan Qiu Gong Lue Bian Xie Zu@4编著
801  0 @aCN@bTSTCL@c20120328
905    @b0814140-46@dK956.19@e189@f7
    
    英国攻略/《全球攻略》编写组编著.-北京:中国旅游出版社,2011.10
    235页:图;22cm.-(全球攻略)
    
    
    ISBN 978-7-5032-4238-0:CNY39.80
    本书主要内容包括:白金汉宫;特拉法尔加广场;大英博物馆;伦敦塔;海德公园;贝克街等。
●
相关链接 在E读中查询图书 在五车中查询图书 在当当中查询图书 在豆瓣中查询图书


正题名:英国攻略     索取号:K956.19/189         预约/预借

序号 登录号 条形码 馆藏地/架位号 状态 备注
1 0814140   208141401   第二样本阅览室/ [索取号:K956.19/189] 在馆    
2 0814141   208141410   第二借阅区/ [索取号:K956.19/189] 在馆    
3 0814142   208141429   第二借阅区/ [索取号:K956.19/189] 在馆    
4 0814143   208141438   第二借阅区/ [索取号:K956.19/189] 在馆    
5 0814144   208141447   第二借阅区/ [索取号:K956.19/189] 在馆    
6 0814145   208141456   第二借阅区/ [索取号:K956.19/189] 在馆    
7 0814146   208141465   第二借阅区/ [索取号:K956.19/189] 在馆    
唐山师范学院图书馆 欢迎您!
大连网信软件有限公司© 版权所有